000 00613nam a2200229Ia 4500
003 OSt
005 20220918231030.0
006 a|||||r|||| 00| 0
007 ta
008 220917b |||||||| |||| 00| 0 eng d
024 _a262,633
037 _cTextual
040 _aARTS
_cARTS
_beng
041 _2eng
_aeng
082 _aQ6:(S5:55), P2
100 _aStuart Elizabeth
_9153699
245 0 _aGay and Lesbian Theologies
260 _aUSA
_bAshgate publishing company
_c2002
650 _aRELIGION
942 _hQ6:(S5:55), P2
_cTEXL
_2CC
999 _c289646
_d289646